000 00610nam a2200205Ia 4500
005 20260121110024.0
008 008 260114s9999 xx 000 0 hin d
020 _a9788132359258
037 _aEBOOK
040 _aCRL
_bhin
_cCRL
041 _ahin
_2hin
084 _qCRL
100 _aब्रिजेश कुमार / Brijesh Kumar
_9941085
245 0 _aपरजीवी / Parjeevi
260 _bभाषा प्रकाशन / Bhasha Prakashan
_c2021
856 _uhttps://bhashaprakashan.com/product-details/382485
942 _cEBOOK
999 _c1532750
_d1532750